[Event "Penta Media GM"]
[Site "Kelamabakkam IND"]
[Date "2000.08.24"]
[Round "10"]
[White "Kunte,A"]
[Black "Prakash,G"]
[Result "1/2-1/2"]
[WhiteElo "2556"]
[BlackElo "2429"]

1.d4 Nf6 2.c4 e6 3.Nc3 Bb4 4.Qc2 O-O 5.a3 Bxc3+ 6.Qxc3 b6 7.Bg5 Bb7 8.e3 d6
9.f3 Nbd7 10.Bd3 h6 11.Bh4 c5 12.Ne2 Rc8 13.O-O cxd4 14.Qxd4 Ne5 15.Rac1 Nxd3  1/2-1/2

[Event "ch-HUN KO"]
[Site "Budapest HUN"]
[Date "2000.09.02"]
[Round "3.2"]
[White "Turzo,A"]
[Black "Bokros,A"]
[Result "1/2-1/2"]
[WhiteElo "2360"]
[BlackElo "2479"]

1.d4 Nf6 2.c4 e6 3.Nc3 Bb4 4.Qc2 O-O 5.a3 Bxc3+ 6.Qxc3 b6 7.Bg5 Bb7 8.f3 d5
9.e3 Nbd7 10.cxd5 exd5 11.Bd3 h6 12.Bh4 Re8 13.Ne2 c5 14.Bf2 Rc8 15.Qd2 cxd4
16.exd4 Nf8 17.O-O Qd7 18.Rac1 Rxc1 19.Rxc1 Rc8 20.Rxc8 Qxc8 21.Qc3 Ne6 22.Qxc8+ Bxc8
23.Bg3 Kf8 24.Bb8 a6 25.Bd6+ Ke8 26.Kf2 Kd7 27.Bb8 Kc6 28.Ke3 Ne8 29.Nf4 Nf8
30.Ne2 Ne6 31.Bg3 Nd6 32.Bxd6 Kxd6 33.Bf5 Bd7 34.Nf4 Nc7  1/2-1/2

[Event "FIDE women's World Cup Gp C Playoffs"]
[Site "Shenyang CHN"]
[Date "2000.09.05"]
[Round "1.1"]
[White "Cramling,P"]
[Black "Khurtsidze,N"]
[Result "1-0"]
[WhiteElo "2484"]
[BlackElo "2418"]

1.d4 Nf6 2.c4 e6 3.Nc3 Bb4 4.Qc2 O-O 5.e4 d5 6.e5 Ne4 7.Bd3 c5 8.cxd5 exd5
9.Ne2 cxd4 10.Nxd4 Nd7 11.f4 Bxc3+ 12.bxc3 Ndc5 13.O-O Nxd3 14.Qxd3 Qa5 15.a4 b6
16.Nb5 Ba6 17.c4 Bxb5 18.cxb5 Rfd8 19.Bb2 a6 20.Rfd1 Nc5 21.Qg3 Ne4 22.Qd3 Nc5
23.Qg3 Ne4 24.Qg4 Qb4 25.Bd4 axb5 26.Rab1 Qxa4 27.e6 f6 28.e7 Re8 29.Qe6+ Kh8
30.Qxd5 Nc5 31.Ra1 Qb3 32.Qxa8 Qxd1+ 33.Rxd1 Rxa8 34.Bxc5  1-0

[Event "6th WUCC"]
[Site "Golden Sands BUL"]
[Date "2000.09.07"]
[Round "7"]
[White "Turov,M"]
[Black "Zoler,D"]
[Result "1-0"]
[WhiteElo "2539"]
[BlackElo "2526"]

1.d4 Nf6 2.c4 e6 3.Nc3 Bb4 4.Qc2 O-O 5.a3 Bxc3+ 6.Qxc3 b6 7.Bg5 Bb7 8.f3 h6
9.Bh4 d5 10.e3 Nbd7 11.cxd5 exd5 12.Bd3 Re8 13.Ne2 c5 14.O-O Qc8 15.Rfe1 Qc6
16.Qd2 a5 17.Nc3 Ba6 18.Bc2 b5 19.dxc5 Qxc5 20.Bb3 Bb7 21.Rac1 Qb6 22.Qd4 Qxd4
23.exd4 Rxe1+ 24.Bxe1 Rc8 25.Bd2 a4 26.Ba2 Nb6 27.Nxb5 Rxc1+ 28.Bxc1 Ba6
29.Nc3 Bc4 30.Bb1 Bb3 31.Bd3 Ne8 32.Bf4 Kf8 33.Bb8 Nd7 34.Ba7 Nc7 35.Nb5 Ne6
36.Kf2 Ke7 37.Ke3 Kd8 38.f4 Kc8 39.Nd6+ Kc7 40.Nxf7 Kb7 41.f5 Nc7 42.f6 Nxf6
43.Bc5 Ne6 44.Ne5 Kc7 45.Bf5 Nd8 46.Bf8 Ne8 47.Bg6 Ne6 48.Bxe8 Nxf8 49.Nd3 Nh7
50.Nc5 Nf6 51.Ne6+ Kd6 52.Nxg7 Bc2 53.Bb5 Ke7 54.Be2 Bg6 55.Kf4  1-0

[Event "FIDE women's World Cup KO"]
[Site "Shenyang CHN"]
[Date "2000.09.09"]
[Round "2.1"]
[White "Cramling,P"]
[Black "Xu Yuhua"]
[Result "1-0"]
[WhiteElo "2484"]
[BlackElo "2505"]

1.d4 Nf6 2.c4 e6 3.Nc3 Bb4 4.Qc2 O-O 5.e4 d5 6.e5 Ne4 7.Bd3 c5 8.cxd5 exd5
9.Ne2 cxd4 10.Nxd4 Nd7 11.f4 Qh4+ 12.g3 Qh3 13.Bd2 Nxd2 14.Qxd2 Nc5 15.Bf1 Qh5
16.Bg2 Ne4 17.Qe3 Bh3 18.O-O Bxc3 19.bxc3 Rfc8 20.Rac1 Bxg2 21.Kxg2 Rc4 22.f5 Rac8
23.e6 f6 24.Ne2 Nd6 25.Nd4 Ne4 26.Rc2 Qe8 27.Rfc1 Qa4 28.Qd3 Qa3 29.Nb3 Qd6
30.Nd2 Nxd2 31.Rxd2 d4 32.Rcd1 Qc6+ 33.Kg1 Rxc3 34.Qxd4 h6 35.Re1 Rc1 36.Red1 Qf3
37.Qd3 Qc6 38.Rxc1 Qxc1+ 39.Kg2 Kh7 40.Qe2 Qc6+ 41.Qf3 Qc1 42.Re2 Qd1 43.Rf2 Qe1
44.Qe2 Qa5 45.Qe4 Qb5 46.a4 Qb3 47.Re2 Qd1 48.a5 b5 49.e7 Re8 50.Kf2 Qd7
51.g4 Kg8 52.Qe3 a6 53.Qb3+ Kh7 54.Qb4 Qd5 55.Qe4 Qd6 56.Ke1 Kg8 57.Qe6+ Qxe6
58.Rxe6 Kf7 59.Rxa6 Rxe7+ 60.Kd2 Re4 61.Rb6 Rxg4 62.Rxb5 Rh4 63.Kc3 Rxh2
64.Rb2 Rh1 65.Ra2 Rc1+ 66.Kd4 Rd1+ 67.Kc5 Rc1+ 68.Kb4 Rb1+ 69.Ka4 g5 70.a6 Rb8
71.a7 Ra8 72.Kb5 h5 73.Kb6 g4 74.Kb7 Rxa7+ 75.Rxa7 g3 76.Kc6+ Kg8 77.Kd5  1-0

[Event "FIDE women's World Cup KO"]
[Site "Shenyang CHN"]
[Date "2000.09.10"]
[Round "2.4"]
[White "Cramling,P"]
[Black "Xu Yuhua"]
[Result "0-1"]
[WhiteElo "2484"]
[BlackElo "2505"]

1.d4 Nf6 2.c4 e6 3.Nc3 Bb4 4.Qc2 O-O 5.e4 d5 6.e5 Ne4 7.Bd3 c5 8.cxd5 exd5
9.Ne2 cxd4 10.Nxd4 Nd7 11.f4 Qh4+ 12.g3 Qh3 13.Bd2 Nxd2 14.Qxd2 Nc5 15.a3 Bxc3
16.Qxc3 Qg2 17.O-O-O Bg4 18.Rdg1 Qf2 19.Bc2 Rac8 20.Kb1 Ne4 21.Qd3 Rc4 22.Rd1 Rfc8
23.Rhf1 Rxd4 24.Rxf2 Rxd3 25.Rxd3 Nxf2 26.Rxd5 g6 27.Rd2 Nh3 28.Be4 Rc7 29.b3 Kf8
30.Kb2 Ke7 31.a4 b6 32.Ba8 Bf5 33.Bf3 h5 34.Bd5 Rd7 35.Kc3 g5  0-1

[Event "Najdorf Final KO"]
[Site "Buenos Aires ARG"]
[Date "2000.09.14"]
[Round "3.2"]
[White "Panno,O"]
[Black "Vescovi,G"]
[Result "1/2-1/2"]
[WhiteElo "2450"]
[BlackElo "2526"]

1.d4 Nf6 2.c4 e6 3.Nc3 Bb4 4.Qc2 O-O 5.a3 Bxc3+ 6.Qxc3 b6 7.Bg5 Ba6 8.e3 d6
9.Bd3 Nbd7 10.Ne2 c5 11.Qb3 Qc8 12.Rc1 cxd4 13.Bxf6 Nxf6 14.Nxd4 e5 15.Ne2 Qc6
16.O-O Rac8 17.Qd1 Bb7 18.f3 Qc5 19.Qd2 e4 20.b4 Qc7 21.Bb1 exf3 22.gxf3 Qe7
23.e4 Ba6 24.Bd3 Nd7 25.f4 f5 26.exf5 Qf7 27.Nd4 Bxc4 28.Bxc4 Rxc4 29.Ne6 Rxc1
30.Rxc1 Re8 31.Qd3 g6 32.Ng5 Qxf5 33.Qxf5 gxf5 34.Rc7 Nf6 35.Rxa7 Re2 36.Nf7 Kg7
37.Nxd6+ Kg6 38.Nc4 Nd5 39.Ne5+ Kf6 40.Rxh7 Nxf4 41.Nf3 Re3 42.Kf2 Rxa3 43.Rh6+ Ng6
44.Nh4 Kg5 45.Rxg6+ Kxh4 46.b5 Rb3 47.Rxb6 Kg4 48.Rb8 Rb2+ 49.Ke1 Rxh2  1/2-1/2

[Event "V ECC Women"]
[Site "Halle GER"]
[Date "2000.09.29"]
[Round "6"]
[White "Cmilyte,V"]
[Black "Hunt,H"]
[Result "1-0"]
[WhiteElo "2335"]
[BlackElo "2454"]

1.d4 Nf6 2.c4 e6 3.Nc3 Bb4 4.Qc2 O-O 5.a3 Bxc3+ 6.Qxc3 b6 7.Bg5 Bb7 8.e3 c5
9.dxc5 bxc5 10.f3 h6 11.Bh4 a5 12.Bd3 d6 13.Nh3 Nbd7 14.O-O Qb6 15.Rfd1 Rfb8
16.Bg3 Ne8 17.Bc2 Ndf6 18.Rd2 a4 19.Rad1 Rd8 20.Bf2 Qc6 21.Nf4 g5 22.Ne2 Rd7
23.e4 e5 24.h4 Nh5 25.Qe3 Nf4 26.Ng3 f6 27.Nf5 Kh7 28.Rd5 Rad8 29.g3 Ne6
30.Qd3 Qa6 31.Kg2 N6g7 32.Ne3 gxh4 33.Rh1 hxg3 34.Bxg3 f5 35.Bh4 Ne6 36.Kf2 Nf4
37.Qd2 Rb8 38.Rxe5 fxe4 39.Rxe4 Bxe4 40.Bxe4+ Kg8 41.Nd5 Ne6 42.Bf5 N8g7
43.Bxe6+ Nxe6 44.Nf6+ Kf7 45.Nxd7 Rb7 46.Qd5  1-0

[Event "XVI ECC"]
[Site "Neum BIH"]
[Date "2000.09.29"]
[Round "6"]
[White "Golod,V"]
[Black "Shariyazdanov,A"]
[Result "1-0"]
[WhiteElo "2590"]
[BlackElo "2582"]

1.d4 Nf6 2.c4 e6 3.Nc3 Bb4 4.Qc2 O-O 5.a3 Bxc3+ 6.Qxc3 b6 7.Bg5 Bb7 8.f3 d5
9.e3 Re8 10.Nh3 h6 11.Bh4 Nbd7 12.cxd5 exd5 13.Be2 c5 14.O-O Qe7 15.Bf2 c4
16.b3 b5 17.bxc4 bxc4 18.Bd1 Nb6 19.Bc2 Bc6 20.a4 g5 21.Kh1 a5 22.Rfb1 Reb8
23.Ng1 Be8 24.Qd2 Nbd7 25.Rb5 Rxb5 26.axb5 a4 27.Rxa4 Rxa4 28.Bxa4 Nb6 29.Qa5 Nxa4
30.Qxa4 Qd7 31.Qa6 c3 32.Qxf6 c2 33.Bg3  1-0

[Event "EuYCh B14"]
[Site "Halkidiki GRE"]
[Date "2000.10.03"]
[Round "2"]
[White "Tahirov,F"]
[Black "Aksentijevic,M"]
[Result "0-1"]
[WhiteElo "2245"]
[BlackElo "2106"]

1.d4 Nf6 2.c4 e6 3.Nc3 Bb4 4.Qc2 O-O 5.a3 Bxc3+ 6.Qxc3 b6 7.Bg5 Bb7 8.e3 d6
9.f3 Nbd7 10.Bd3 c5 11.Ne2 Rc8 12.Qd2 Ba6 13.Rc1 Re8 14.b4 h6 15.Bh4 Bb7
16.O-O Ba8 17.Rfd1 Qe7 18.Bf2 Red8 19.Ng3 Nb8 20.Qb2 g6 21.e4 cxd4 22.Bxd4 e5
23.Be3 Kh7 24.Qd2 Ng8 25.Bb1 Bc6 26.Ne2 Kg7 27.Nc3 Rd7 28.Qf2 Bb7 29.Nd5 Bxd5
30.Rxd5 Nf6 31.Rd3 Nc6 32.Rcd1 Nd8 33.Qd2 Rxc4 34.Bxh6+ Kh7 35.Bg5 Ne6 36.Bxf6 Qxf6
37.Rxd6 Rxd6 38.Qxd6 Qf4 39.Ba2 Qe3+ 40.Kh1 Rd4 41.Rxd4  0-1

[Event "EuYCh B16"]
[Site "Halkidiki GRE"]
[Date "2000.10.04"]
[Round "3"]
[White "Jeremic,V"]
[Black "Tallaksen,G"]
[Result "1-0"]
[WhiteElo "2325"]
[BlackElo "2221"]

1.d4 Nf6 2.c4 e6 3.Nc3 Bb4 4.Qc2 O-O 5.e4 d5 6.e5 Ne4 7.Bd3 c5 8.cxd5 exd5
9.Ne2 Nc6 10.O-O Bxc3 11.bxc3 cxd4 12.Ba3 Re8 13.cxd4 Qa5 14.Qb2 Bf5 15.Rfc1 Ng3
16.Rc5 Qb6 17.Qc3 Bxd3 18.Nxg3 Bg6 19.Rxd5 Rad8 20.Bc5 Qa6 21.Rxd8 Rxd8 22.Bd6 Qa4
23.d5 Nd4 24.Qc7 Re8 25.Qxb7 h5 26.h4 Nc2 27.Rc1 Qf4 28.Rxc2 Bxc2 29.e6 Qc1+
30.Kh2 Bg6 31.f4 Qc4 32.a3 a6 33.Qd7 fxe6 34.Be5 Bf7 35.d6 Qc8 36.Qa7 Rd8
37.Qe7 Rd7 38.Qg5 Be8 39.Ne4 Kh8 40.Qh6+ Kg8 41.Qxe6+ Bf7 42.Nf6+ gxf6 43.Qxf6 Be8
44.Qh8+ Kf7 45.f5  1-0

[Event "EuYCh B18"]
[Site "Halkidiki GRE"]
[Date "2000.10.06"]
[Round "5"]
[White "Pataki,G"]
[Black "Handke,F"]
[Result "0-1"]
[WhiteElo "2294"]
[BlackElo "2455"]

1.d4 Nf6 2.c4 e6 3.Nc3 Bb4 4.Qc2 O-O 5.a3 Bxc3+ 6.Qxc3 b6 7.Bg5 Ba6 8.e3 d6
9.Bd3 Nbd7 10.Ne2 Rc8 11.O-O c5 12.b4 cxd4 13.Qxd4 h6 14.Bxf6 Nxf6 15.Rfd1 Qe7
16.Ng3 Rfd8 17.Ne4 Nxe4 18.Qxe4 f5 19.Qf4 Qf6 20.Rac1 d5 21.Bf1 Bxc4 22.Bxc4 dxc4
23.Rxd8+ Qxd8 24.Qe5 Kf7 25.b5 c3 26.g4 Rc5 27.Qd4 Qxd4 28.exd4 Rc4 29.gxf5 exf5
30.f4 Ke6 31.Kf2 Kd5 32.Ke3 c2 33.h3 Rc3+ 34.Kd2 Kxd4  0-1

[Event "EuYCh B18"]
[Site "Halkidiki GRE"]
[Date "2000.10.09"]
[Round "8"]
[White "Djukic,Ni"]
[Black "Jakubowski,K"]
[Result "1-0"]
[WhiteElo "2332"]
[BlackElo "2364"]

1.d4 Nf6 2.c4 e6 3.Nc3 Bb4 4.Qc2 O-O 5.a3 Bxc3+ 6.Qxc3 b6 7.Bg5 Bb7 8.e3 h6
9.Bh4 d6 10.f3 Nbd7 11.Bd3 c5 12.Ne2 Rc8 13.Qb3 cxd4 14.exd4 e5 15.Bf5 Rc7
16.O-O d5 17.cxd5 Bxd5 18.Qb4 Re8 19.Rfd1 e4 20.Nc3 Qa8 21.Qd6 Rc6 22.Qg3 Nh5
23.Qh3 Rxc3 24.bxc3 Nf4 25.Qg4 Ne2+ 26.Kf2 Nf8 27.Kxe2 exf3+ 28.Kf1 fxg2+
29.Kf2 Qc6 30.Rac1 g6 31.Bd3 Qd6 32.Bg3 Qxa3 33.Be5 Qa2+ 34.Qe2 Qa4  1-0

[Event "FSGM October"]
[Site "Budapest HUN"]
[Date "2000.10.12"]
[Round "6"]
[White "Hoang Thanh Trang"]
[Black "Soos,B"]
[Result "1-0"]
[WhiteElo "2489"]
[BlackElo "2364"]

1.d4 Nf6 2.c4 e6 3.Nc3 Bb4 4.Qc2 O-O 5.a3 Bxc3+ 6.Qxc3 b6 7.Bg5 Bb7 8.Nf3 c5
9.dxc5 bxc5 10.e3 a5 11.Bd3 d6 12.O-O Nbd7 13.Nd2 Ra6 14.Rad1 Qa8 15.f3 Rb6
16.a4 Rb4 17.b3 Qa7 18.Nb1 Qb6 19.Bc2 d5 20.Na3 Ba6 21.Rf2 Rb8 22.Rfd2 Bb7
23.Bf4 Re8 24.Bg3 Bc6 25.Kh1 Qb7 26.Re2 Qb6 27.Be1 Ra8 28.Nb5 Bxb5 29.cxb5 c4
30.Qb2 Qc5 31.Rc1 Nb6 32.Bd1 Nfd7 33.Qd4 Qe7 34.bxc4 Rxc4 35.Rxc4 Nxc4 36.e4 Qc5
37.Qxc5 Nxc5 38.exd5 exd5 39.Re7 Nd3 40.Bg3 h5 41.Be2 Ndb2 42.Bxc4 Nxc4 43.Bf2 Rb8
44.Ba7 Kf8 45.Bc5 Kg8 46.h4 f6 47.Ba7 Kf8 48.Rc7 Rd8 49.b6 Nd6 50.b7 Nxb7
51.Rxb7 d4 52.Rb8 Rxb8 53.Bxb8  1-0

[Event "3rd Int"]
[Site "Torshavn FAI"]
[Date "2000.10.14"]
[Round "9"]
[White "Petersen,Te"]
[Black "Hansen,He"]
[Result "1-0"]
[WhiteElo "2142"]
[BlackElo "2047"]

1.d4 Nf6 2.c4 e6 3.Nc3 Bb4 4.Qc2 O-O 5.a3 Bxc3+ 6.Qxc3 b6 7.Nf3 Ne4 8.Qc2 f5
9.g3 Bb7 10.Bg2 Qc8 11.b4 d6 12.O-O Nd7 13.Nd2 Nxd2 14.Bxb7 Qxb7 15.Bxd2 c5
16.Qd3 cxd4 17.Qxd4 Qc6 18.Bg5 Nf6 19.Rfd1 Rad8 20.Rac1 Kf7 21.Rc2 Rd7 22.Bxf6 gxf6
23.Qf4 Qe4 24.Qc1 Rfd8 25.Rd3 Qc6 26.Qh6 Rh8 27.Rd4 Qc8 28.Rcd2 Qd8 29.Rd1 Qe7
30.f3 Ke8 31.Qd2 Kf7 32.Rxd6 Rxd6 33.Qxd6 Qxd6 34.Rxd6 Ke7 35.Rd1 Rc8 36.Rc1 Kd6
37.Kf2 Rc7 38.Ke3 e5 39.Rd1+ Kc6 40.Rd8 Rg7 41.Rf8 Rg6 42.Rf7 Rh6 43.Rxa7 Rxh2
44.b5+ Kd6 45.Rb7 f4+ 46.gxf4 exf4+ 47.Kd3 h5 48.Rxb6+ Ke5 49.Rc6 Rh1 50.b6 Rb1
51.Rc5+  1-0

[Event "It"]
[Site "Alushta UKR"]
[Date "2000.10.24"]
[Round "10"]
[White "Shishkin,V"]
[Black "Itkis,B"]
[Result "1/2-1/2"]
[WhiteElo "2415"]
[BlackElo "2384"]

1.d4 Nf6 2.c4 e6 3.Nc3 Bb4 4.Qc2 O-O 5.a3 Bxc3+ 6.Qxc3 Ne4 7.Qc2 f5 8.g3 b6
9.Bg2 Bb7 10.Be3 Qe8 11.Rd1 d6 12.Nh3 Nd7 13.O-O h6 14.Bc1 a5 15.b3 Qf7 16.Nf4 g5
17.Nd3 Rab8 18.f3 Nef6 19.Bb2 Qg6 20.Ne5 Qh7 21.Nxd7 Nxd7 22.d5 e5 23.f4 Rbe8
24.Rf2 Bc8 25.Rdf1 Nf6 26.fxe5 dxe5 27.Rxf5 Bxf5 28.Rxf5 Nd7 29.Be4 Qe7 30.Kg2 Qd6
31.Rxf8+ Rxf8 32.Bf5 Qf6 33.g4 Rf7 34.Qc3 Re7 35.b4 axb4 36.axb4 Nf8 37.Qd3 Kg7
38.Qe4 Ng6 39.Kg3 Nh4 40.Be6 Ng6 41.Bf5 Nh4 42.Be6 Ng6 43.Bf5 Nh4  1/2-1/2

[Event "34th Olympiad"]
[Site "Istanbul TUR"]
[Date "2000.10.29"]
[Round "2"]
[White "Sakalauskas,V"]
[Black "Zaja,I"]
[Result "1/2-1/2"]
[WhiteElo "2420"]
[BlackElo "2513"]

1.d4 Nf6 2.c4 e6 3.Nc3 Bb4 4.Qc2 O-O 5.Nf3 c5 6.dxc5 Na6 7.e3 Nxc5 8.Bd2 b6
9.Be2 Bb7 10.O-O Nce4 11.Nxe4 Bxe4 12.Qd3 Bxd2 13.Nxd2 Bd5 14.cxd5 Nxd5 15.Rfd1 Rc8
16.Nb3 Qe7 17.Nd4 Rc5  1/2-1/2

[Event "34th Olympiad"]
[Site "Istanbul TUR"]
[Date "2000.10.29"]
[Round "2"]
[White "Sakalauskas,V"]
[Black "Zaja,I"]
[Result "1/2-1/2"]
[WhiteElo "2420"]
[BlackElo "2513"]

1.d4 Nf6 2.c4 e6 3.Nc3 Bb4 4.Qc2 O-O 5.Nf3 c5 6.dxc5 Na6 7.e3 Nxc5 8.Bd2 b6
9.Be2 Bb7 10.O-O Nce4 11.Nxe4 Bxe4 12.Bd3 Bxd3 13.Qxd3 Bxd2 14.Nxd2 d5 15.cxd5 Nxd5
16.Rfd1 Rc8 17.Nb3 Qe7 18.Nd4 Rc5  1/2-1/2

[Event "Gp B"]
[Site "Cap d'Agde FRA"]
[Date "2000.10.30"]
[Round "4"]
[White "Serper,G"]
[Black "Campos Moreno,J"]
[Result "1/2-1/2"]
[WhiteElo "2574"]
[BlackElo "2491"]

1.d4 Nf6 2.c4 e6 3.Nc3 Bb4 4.Qc2 O-O 5.a3 Bxc3+ 6.Qxc3 b6 7.Nf3 Bb7 8.e3 d6
9.b4 Nbd7 10.Bb2 c5 11.Bd3 Rc8 12.dxc5 bxc5 13.O-O Bxf3 14.gxf3 Ne5 15.Be2 cxb4
16.Qxb4 a5 17.Qa4 Nfd7 18.f4 Nxc4 19.Bxc4 Nb6 20.Qxa5 Nxc4 21.Qxd8 Rfxd8
22.Bc1 Ra8 23.Rd1 Ra4 24.Rd3 Rb8 25.Rc3 f5 26.Kf1 Kf7 27.Ke2 d5 28.Kd3 Rb7
29.Kc2 Nd6 30.Rb1 Nb5 31.Rcb3 Rc7+ 32.Kd3 Nd6 33.Rb4 Raa7 34.f3 Nc4 35.a4 e5
36.e4 fxe4+ 37.fxe4 dxe4+ 38.Kxe4 Ra5 39.fxe5 Rxe5+ 40.Kd4 Rh5 41.Rb7 Rh4+
42.Kd5 Rh5+ 43.Kd4 Rh4+ 44.Kd5 Rh5+ 45.Kd4 Rh4+  1/2-1/2

[Event "Chigorin Mem"]
[Site "St Petersburg RUS"]
[Date "2000.11.02"]
[Round "3"]
[White "Biriukov,O"]
[Black "Guseva,O"]
[Result "1-0"]
[WhiteElo "2382"]
[BlackElo "2173"]

1.d4 Nf6 2.c4 e6 3.Nc3 Bb4 4.Qc2 O-O 5.a3 Bxc3+ 6.Qxc3 b6 7.Bg5 Bb7 8.f3 h6
9.Bh4 d6 10.e3 Nbd7 11.Nh3 e5 12.Be2 Re8 13.O-O Qe7 14.Bf2 d5 15.dxe5 Nxe5
16.cxd5 Nxd5 17.Qb3 c5 18.e4 Nc7 19.Nf4 Red8 20.Rfd1 Nc6 21.Qc3 Qe5 22.Qxe5 Nxe5
23.Rac1 g5 24.Nh5 Ne6 25.b4 Nd4 26.Bxd4 cxd4 27.Rc7 Bc6 28.Ba6 Ba4 29.Rd2 d3
30.Nf6+ Kg7 31.Nd5 b5 32.Nc3 Nc4 33.Rxc4 bxc4 34.Nxa4 Rd4 35.Kf2 Rad8 36.Ke3 Kf6
37.g3 h5 38.Nc3 Ke5 39.f4+ gxf4+ 40.gxf4+ Ke6 41.Nd5 R4xd5 42.Bxc4  1-0

[Event "34th Olympiad Women"]
[Site "Istanbul TUR"]
[Date "2000.11.05"]
[Round "8"]
[White "Phan Koshnitsky,N"]
[Black "Navabi,S"]
[Result "1/2-1/2"]
[WhiteElo "2157"]
[BlackElo "2007"]

1.d4 Nf6 2.c4 e6 3.Nc3 Bb4 4.Qc2 O-O 5.a3 Bxc3+ 6.Qxc3 Ne4 7.Qc2 f5 8.e3 b6
9.Nf3 Bb7 10.Bd3 d6 11.O-O Nd7 12.Nd2 Nxd2 13.Bxd2 Qf6 14.f3 Kh8 15.Rae1 e5
16.Bc3 Qe6 17.d5 Qf7 18.g4 fxg4 19.fxg4 Qe7 20.Rxf8+ Nxf8 21.Qg2 Qg5 22.Bd2 Ng6
23.Rf1 Kg8 24.Rf5 Qe7 25.Rh5 Nf8 26.Be1 g6 27.Rh3 Nd7 28.Bh4 Qg7 29.Bg5 a5
30.Bh6 Qe7 31.Qc2 Qf7 32.Be4 Nc5 33.Rf3 Qe8 34.Rf6 Nxe4 35.Qxe4 Rd8 36.Qf3 Bc8
37.Kf2 Bd7 38.h4 Qe7 39.Kg3 e4 40.Qf2 Qe5+ 41.Kg2 Bf5 42.gxf5 Qxf6 43.Bg5 Qf8
44.Bxd8 Qxd8 45.fxg6 hxg6 46.Qf4 Qe7 47.b4 axb4 48.axb4 Kg7 49.Kg3 Kh7 50.Kf2 Kg8
51.Kg2 Kg7 52.Qg4 Qe5 53.Qd7+ Kh6 54.Qd8 Kh5 55.Qxc7 Qf5 56.Qxd6 Qf3+ 57.Kh2 Qf2+
58.Kh1 Qf1+ 59.Kh2  1/2-1/2

[Event "Chigorin Mem"]
[Site "St Petersburg RUS"]
[Date "2000.11.05"]
[Round "5"]
[White "Neverov,V"]
[Black "Yuferov,S"]
[Result "1/2-1/2"]
[WhiteElo "2547"]
[BlackElo "2436"]

1.d4 Nf6 2.c4 e6 3.Nc3 Bb4 4.Qc2 O-O 5.a3 Bxc3+ 6.Qxc3 b6 7.Bg5 Ba6 8.e3 d6
9.Bd3 Nbd7 10.Ne2 c5 11.b4 h6 12.Bh4 cxd4 13.exd4 Rc8 14.Qb3 Qc7 15.Rc1 e5
16.dxe5 dxe5 17.Bg3 Nh5 18.O-O Nxg3 19.Nxg3 Nf6 20.Rfe1 Rfe8 21.Bf5 Rcd8
22.c5 bxc5 23.Rxc5 Qd6 24.Ne4 Nxe4 25.Bxe4 Qd2 26.Rec1 Re7 27.Bd5 Red7 28.Rd1 Qe2
29.h3 Bb7 30.Bxf7+ Kf8 31.Rxd7 Rxd7 32.Bd5 Rxd5 33.Rxd5 Qe4 34.Rd8+ Ke7 35.f3 Qe1+
36.Kh2 Kxd8 37.Qg8+ Kc7 38.Qxg7+ Kb6 39.Qxh6+ Bc6 40.Qd6 Qe3 41.Qb8+ Ka6
42.Qc8+ Kb6 43.Qb8+ Ka6 44.Qc8+ Kb6 45.h4 Qf4+ 46.Kh3 e4 47.Qd8+ Kb7 48.Qe7+ Kc8
49.Qc5 Kb7  1/2-1/2

[Event "Chigorin Mem"]
[Site "St Petersburg RUS"]
[Date "2000.11.05"]
[Round "5"]
[White "Virovlansky,S"]
[Black "Balashov,Y"]
[Result "0-1"]
[WhiteElo "2431"]
[BlackElo "2575"]

1.d4 Nf6 2.c4 e6 3.Nc3 Bb4 4.Qc2 O-O 5.a3 Bxc3+ 6.Qxc3 d6 7.Bg5 Nbd7 8.e3 b6
9.Bd3 Bb7 10.Ne2 c5 11.O-O Qc7 12.f3 h6 13.Bh4 d5 14.dxc5 Qxc5 15.cxd5 Nxd5
16.Qd4 e5 17.Qe4 Qxe3+ 18.Bf2 Qxe4 19.Bxe4 N7f6 20.Bd3 Rfe8 21.Ng3 Nf4 22.Bb5 Re6
23.Rfe1 Rc8 24.Rad1 a6 25.Bf1 g6 26.Ne4 Bxe4 27.fxe4 Rc2 28.Be3 Rxb2 29.g3 N4h5
30.Bxh6 b5 31.Bc1 Rc2 32.Rd8+ Re8 33.Rd6 Rec8 34.Bg5 R8c6 35.Rd8+ Kg7 36.Bd2 Ra2
37.Bb4 Rcc2 38.Bd6 Ng4 39.h3 Nh2 40.Bxe5+ f6  0-1

[Event "34th Olympiad"]
[Site "Istanbul TUR"]
[Date "2000.11.07"]
[Round "10"]
[White "Sula,Z"]
[Black "Uribe,M"]
[Result "0-1"]
[WhiteElo "2348"]
[BlackElo "2293"]

1.d4 Nf6 2.c4 e6 3.Nc3 Bb4 4.Qc2 O-O 5.a3 Bxc3+ 6.Qxc3 b6 7.Bg5 Bb7 8.Nf3 d6
9.e3 Nbd7 10.Be2 h6 11.Bh4 g5 12.Bg3 Ne4 13.Qc2 f5 14.O-O-O Qf6 15.h4 Nxg3
16.fxg3 g4 17.Ne1 Be4 18.Bd3 d5 19.Rf1 Qe7 20.cxd5 exd5 21.Bxe4 Qxe4 22.Qxe4 fxe4
23.Rf4 Rxf4 24.gxf4 Kf7 25.Nc2 a5 26.Kd2 g3 27.a4 Ke6 28.Na3 Rg8 29.Rc1 c5
30.Nb5 Rg4 31.Nc7+ Kd6 32.Nb5+ Ke6 33.Nc7+ Kd6 34.Nb5+ Ke7 35.Nc7 cxd4 36.exd4 Nf6
37.Rc3 Rxh4 38.Rxg3 Rxf4 39.Rg7+ Kd6 40.Ke3 Rg4 41.Ne8+ Ke6 42.Nc7+ Kf5 43.Rxg4 Kxg4
44.Kf2 h5 45.Na8 e3+ 46.Kf1 Kg3 47.Nxb6 h4 48.b4 axb4 49.a5 b3 50.Na4 e2+
51.Kxe2 Kxg2 52.a6 Ne8 53.a7 Nc7  0-1

[Event "34th Olympiad"]
[Site "Istanbul TUR"]
[Date "2000.11.08"]
[Round "11"]
[White "Ivanisevic,I"]
[Black "Munoz Sotomayor,H"]
[Result "1-0"]
[WhiteElo "2530"]
[BlackElo "2322"]

1.d4 Nf6 2.c4 e6 3.Nc3 Bb4 4.Qc2 O-O 5.e4 d5 6.e5 Ne4 7.Bd3 c5 8.cxd5 exd5
9.Ne2 cxd4 10.Nxd4 Nd7 11.f4 Qh4+ 12.g3 Qh3 13.Bf1 Qh5 14.Bg2 Ndc5 15.O-O Bxc3
16.bxc3 Bh3 17.f5 Bxg2 18.Qxg2 Rfe8 19.g4 Qh4 20.f6 Rxe5 21.fxg7 Qd8 22.Nf5 f6
23.Bf4 Re8 24.Be3 Ne6 25.c4 Nc3 26.Rae1 Rb8 27.g5 fxg5 28.Nh6+ Kxg7 29.Nf7 Qe7
30.Bd4+  1-0

[Event "34th Olympiad"]
[Site "Istanbul TUR"]
[Date "2000.11.08"]
[Round "11"]
[White "Georgiev,Ki"]
[Black "Dautov,R"]
[Result "1-0"]
[WhiteElo "2661"]
[BlackElo "2606"]

1.d4 Nf6 2.c4 e6 3.Nc3 Bb4 4.Qc2 O-O 5.a3 Bxc3+ 6.Qxc3 b6 7.Nf3 Bb7 8.e3 d6
9.b3 Nbd7 10.Bb2 c5 11.Be2 Rc8 12.O-O d5 13.Rfd1 Qe7 14.a4 Ne4 15.Qe1 Rfd8
16.a5 Nb8 17.axb6 axb6 18.Nd2 Nxd2 19.Rxd2 Nc6 20.cxd5 exd5 21.Qd1 cxd4 22.Bxd4 Nxd4
23.Rxd4 Ra8 24.Rxa8 Rxa8 25.Bf3 Qc5 26.g3 Qc3 27.Kg2 Ra2 28.Bxd5 Qxe3 29.Qf3 Bxd5
30.Rxd5 Qe8 31.Rd6 b5 32.Qc6 Qf8 33.Rd7 b4 34.Rb7 g6 35.Qe4 Qc5 36.Qe8+ Qf8
37.Qe5 Qa8 38.Qc7 Rxf2+ 39.Kxf2 Qa2+ 40.Kf3 Qxb3+  1-0

[Event "Chigorin Mem"]
[Site "St Petersburg RUS"]
[Date "2000.11.08"]
[Round "7"]
[White "Kiriakov,P"]
[Black "Yuferov,S"]
[Result "1-0"]
[WhiteElo "2525"]
[BlackElo "2436"]

1.d4 Nf6 2.c4 e6 3.Nc3 Bb4 4.Qc2 O-O 5.a3 Bxc3+ 6.Qxc3 b6 7.Bg5 Bb7 8.f3 c5
9.dxc5 bxc5 10.e3 Nc6 11.Nh3 h6 12.Bh4 Ne4 13.Bxd8 Nxc3 14.Bc7 Rfc8 15.Bd6 Na4
16.Nf2 Ba6 17.b4 Nd8 18.Bd3 f5 19.Kd2 Nf7 20.Bg3 Kf8 21.Rhc1 Ke7 22.e4 g6
23.h4 Nb2 24.b5 Nxd3 25.Nxd3 Bb7 26.e5 Rc7 27.a4 Rg8 28.Bf2 Rgc8 29.Kc3 g5
30.hxg5 hxg5 31.Rh1 d6 32.exd6+ Kxd6 33.Rh7 Ke7 34.Rah1 Kf6 35.Nxc5 Rxc5
36.Bxc5 Rxc5 37.Rxf7+  1-0

[Event "Chigorin Mem"]
[Site "St Petersburg RUS"]
[Date "2000.11.08"]
[Round "7"]
[White "Gutow,A"]
[Black "Barbitskij,A"]
[Result "1/2-1/2"]
[WhiteElo "2497"]
[BlackElo "2244"]

1.d4 Nf6 2.c4 e6 3.Nc3 Bb4 4.Qc2 O-O 5.a3 Bxc3+ 6.Qxc3 b6 7.Bg5 Bb7 8.e3 d6
9.f3 Nbd7 10.Bd3 c5 11.Ne2 Rc8 12.Qb3 cxd4 13.exd4 Qc7 14.Rc1 Rfe8 15.O-O Nc5
16.Qc2 Nxd3 17.Qxd3 Nd7 18.b4 Ba6 19.b5 Bb7 20.Ng3 h6 21.Bd2 Nf6 22.a4 a6
23.Bb4 Ra8 24.Qb3 Qd7 25.Bc3 Rec8 26.Bb2 axb5 27.axb5 Ra5 28.Ra1 d5 29.Rxa5  1/2-1/2

[Event "Chigorin Mem"]
[Site "St Petersburg RUS"]
[Date "2000.11.09"]
[Round "8"]
[White "Drozdovskij,Y"]
[Black "Pushkov,N"]
[Result "1-0"]
[WhiteElo "2421"]
[BlackElo "2546"]

1.d4 Nf6 2.c4 e6 3.Nc3 Bb4 4.Qc2 O-O 5.a3 Bxc3+ 6.Qxc3 b6 7.Nf3 Bb7 8.e3 d6
9.b4 Nbd7 10.Bb2 Ne4 11.Qd3 f5 12.Be2 Qe7 13.O-O c5 14.Rfd1 Rfd8 15.dxc5 bxc5
16.b5 Ndf6 17.Nd2 e5 18.Nxe4 fxe4 19.Qc2 Rf8 20.Rd2 Rad8 21.Rad1 Bc8 22.h3 Bf5
23.Bf1 h5 24.a4 Nh7 25.Ba3 Ng5 26.Qc3 Rf6 27.Kh1 Rg6 28.Bxc5 Nxh3 29.Rxd6 Nxf2+
30.Kg1 Nh3+ 31.Kh1 Rdxd6 32.Rxd6 Nf2+ 33.Kg1 Nh3+ 34.Kh2 Qh4 35.Rxg6 Nf4+
36.Kg1 Nxg6 37.Qd2 Qg4 38.Qf2 Nh4 39.Kh2  1-0

[Event "FSIM November"]
[Site "Budapest HUN"]
[Date "2000.11.15"]
[Round "12"]
[White "Dudas,Jano"]
[Black "Balogh,C"]
[Result "0-1"]
[WhiteElo "2338"]
[BlackElo "2359"]

1.d4 Nf6 2.c4 e6 3.Nc3 Bb4 4.Qc2 O-O 5.e4 d6 6.e5 dxe5 7.dxe5 Ng4 8.Nf3 Nc6
9.Bf4 Nd4 10.Qa4 Nxf3+ 11.gxf3 Qd4 12.Qc2 Nxf2 13.Rg1 Qxf4 14.Kxf2 Bc5+ 15.Kg2 Qg5+  0-1

[Event "FIDE WCh Women KO"]
[Site "New Delhi ITA"]
[Date "2000.11.27"]
[Round "1.1"]
[White "Cramling,P"]
[Black "Lakos,N"]
[Result "1/2-1/2"]
[WhiteElo "2484"]
[BlackElo "2327"]

1.d4 Nf6 2.c4 e6 3.Nc3 Bb4 4.Qc2 O-O 5.e4 d5 6.e5 Ne4 7.Bd3 c5 8.cxd5 exd5
9.Ne2 Nc6 10.O-O Bf5 11.f3 c4 12.fxe4 cxd3 13.Qxd3 dxe4 14.Qg3 Bg6 15.Be3 Ne7
16.Rad1 Bxc3 17.bxc3 Qd5 18.Rd2 Qc4 19.Rc1 Nd5 20.Nf4 Nxf4 21.Bxf4 Rfd8 22.Rb2 b6
23.Qf2 Rac8 24.Qf1 f6 25.Qxc4+ Rxc4 26.Rb4 Bf7 27.Rxc4 Bxc4 28.exf6 gxf6
29.Kf2 Kf7 30.Ke3 f5 31.Rc2 Ke6 32.Rf2 Rc8 33.g4 fxg4 34.Kxe4 Bd5+ 35.Kd3 Bc4+
36.Ke4 Bd5+ 37.Kd3 Bc4+ 38.Ke4 Bd5+ 39.Kd3  1/2-1/2